书目信息 |
| 题名: |
实时高频GNSS地震监测与预警
|
|
| 作者: | 李星星 著 | |
| 分册: | ||
| 出版信息: | 武汉 武汉大学出版社 2017.12 |
|
| 页数: | 176页 | |
| 开本: | 24cm | |
| 丛书名: | ||
| 单 册: | ||
| 中图分类: | P315.7 | |
| 科图分类: | ||
| 主题词: | 地震监测--研究 , 地震预报--研究 | |
| 电子资源: | ||
| ISBN: | 978-7-307-19837-1 | |
| 000 | 01258nam0 2200241 450 | |
| 001 | 964 | |
| 005 | 20180927083802.06 | |
| 010 | @a978-7-307-19837-1@dCNY36.00 | |
| 100 | @a20180315d2017 em y0chiy50 ea | |
| 101 | 0 | @aeng@gchi |
| 102 | @aCN@b420000 | |
| 105 | @aa z 000yy | |
| 200 | 1 | @a实时高频GNSS地震监测与预警@9shi shi gao pin GNSSdi zhen jian ce yu yu jing@dReal-time high-rate GNSS techniques for earthquake monitoring and early warning@f李星星著@zeng |
| 210 | @a武汉@c武汉大学出版社@d2017.12 | |
| 215 | @a176页@c图@d24cm | |
| 330 | @a本书稿主要针对实时高频GNSS数据处理,提出高精度GNSS数据处理算法,以使其更好的应用于地震监测与预警。第一章,提出本书的研究背景及意义;第二章,提出一种实时PPP模糊度固定的方法,用于地震预警;第三章,提出新的GPS数据分析方法用于灾害监测;第四章,提出利用单接收机实时估计同震位移的新方法;第五章,为了充分利用GPS以及地震传感器数据,本章提出了将加速计数据与GPS数据组合处理的一种方法;第六章,总结上述章节得到的主要结果。 | |
| 510 | 1 | @aReal-time high-rate GNSS techniques for earthquake monitoring and early warning@zeng |
| 606 | 0 | @a地震监测@x研究 |
| 606 | 0 | @a地震预报@x研究 |
| 690 | @aP315.7@v5 | |
| 701 | 0 | @a李星星@9li xing xing@f(1985-)@4著 |
| 801 | 0 | @aCN@b91MARC@c20180315 |
| 905 | @aMuseLib@dP315.7@e126 | |
| 实时高频GNSS地震监测与预警=Real-time high-rate GNSS techniques for earthquake monitoring and early warning/李星星著.-武汉:武汉大学出版社,2017.12 |
| 176页:图;24cm |
| ISBN 978-7-307-19837-1:CNY36.00 |
| 本书稿主要针对实时高频GNSS数据处理,提出高精度GNSS数据处理算法,以使其更好的应用于地震监测与预警。第一章,提出本书的研究背景及意义;第二章,提出一种实时PPP模糊度固定的方法,用于地震预警;第三章,提出新的GPS数据分析方法用于灾害监测;第四章,提出利用单接收机实时估计同震位移的新方法;第五章,为了充分利用GPS以及地震传感器数据,本章提出了将加速计数据与GPS数据组合处理的一种方法;第六章,总结上述章节得到的主要结果。 |
| ● |
| 相关链接 |
|
|
|
|
正题名:实时高频GNSS地震监测与预警
索取号:P315.7/126
 
预约/预借
| 序号 | 登录号 | 条形码 | 馆藏地/架位号 | 状态 | 备注 |
| 1 | 1120509 | 211205097 | 第二样本阅览室/ [索取号:P315.7/126] | 在馆 | |
| 2 | 1120510 | 211205104 | 第三借阅区/ [索取号:P315.7/126] | 在馆 | |
| 3 | 1120511 | 211205113 | 第三借阅区/ [索取号:P315.7/126] | 在馆 | |
| 4 | 1120512 | 211205122 | 第三借阅区/ [索取号:P315.7/126] | 在馆 | |
| 5 | 1120513 | 211205131 | 第三借阅区/ [索取号:P315.7/126] | 在馆 |